Awkward class (Record no. 269917)

MARC details
000 -LEADER
fixed length control field 00740nam a2200241Ia 4500
003 - CONTROL NUMBER IDENTIFIER
control field OSt
005 - DATE AND TIME OF LATEST TRANSACTION
control field 20220918220831.0
008 - FIXED-LENGTH DATA ELEMENTS--GENERAL INFORMATION
fixed length control field 220917b |||||||| |||| 00| 0 eng d
037 ## - SOURCE OF ACQUISITION
Terms of availability Textual
040 ## - CATALOGING SOURCE
Original cataloging agency ARTS
Transcribing agency ARTS
Language of cataloging eng
041 ## - LANGUAGE CODE
Source of code eng
Language code of text/sound track or separate title eng
100 ## - MAIN ENTRY--PERSONAL NAME
Personal name Shanin Teodor
245 #0 - TITLE STATEMENT
Title Awkward class
Remainder of title Political sociology of Peasantry in a developing society
260 ## - PUBLICATION, DISTRIBUTION, ETC.
Place of publication, distribution, etc. Oxford
Name of publisher, distributor, etc. Clarendon Press
Date of publication, distribution, etc. 1972
500 ## - GENERAL NOTE
General note Appendices p203-227(A-B); Bibliography p228-238; Glossary p239-244
650 ## - SUBJECT ADDED ENTRY--TOPICAL TERM
Topical term or geographic name entry element SOCIOLOGY
942 ## - ADDED ENTRY ELEMENTS (KOHA)
Classification part Y31:6.58.N25<-N10, L2
Koha item type Textual
Source of classification or shelving scheme Colon Classification (CC)
Holdings
Withdrawn status Lost status Damaged status Not for loan Home library Current library Date acquired Total Checkouts Full call number Barcode Date last seen Price effective from Koha item type
        Arts Library Arts Library 2022-09-18   Y31:6.58.N25<-N10 L2 AL0314247 2022-09-18 2022-09-18 Textual
Copyright @ Delhi University Library System